000 00990nam a2200241 a 4500
001 80009
003 BD-RjUL
005 20220621111019.0
008 220621s2015 bg a|||| m||| 00| 0 eng d
035 _a(BD-RjUL)80009
040 _aBD-RjUL
_beng
_cBD-RjUL
_dBD-RjUL
041 _aeng
082 _a632.95
_bSAS 2015
_223
100 _aSarker, Shanjit Kumar
_93782
245 0 1 _aStudies on the Bio-Pesticidal properties of Some Selected Flora for Eco-Friendly Control of Fungal Diseases of Brinjal Field /
_cShanjit Kumar Sarker ;
_6Supervisor : Md. Abul Kalam Azad
260 _aRajshahi :
_bInstitute of Environmental Science, University of Rajshahi,
_c2015
300 _axxi, 265 Leaves :
_bill, ;
_c29 cm.
502 _aThesis (Ph. D.) -- Institute of Environmental Science, University of Rajshahi, 2015
504 _aReferences : Leaves 251-256
650 _aPesticides
_vBio-Pesticida
_xFungal Diseases
_93783
700 _aAzad , Md. Abul Kalam, Supervisor
_93784
942 _2ddc
_cTHE
999 _c80009
_d80009